00467cam a2200181ua 4500001000400000008003900004020001800043040000900061041000800070082001200078245006800090250000900158260004600167300002000213653002300233653001200256700001700268395141204n ii |||gr||||Z||||||eng a0-7069-2832-6 cMAIN aeng a320.513 aModern political theory. : bCritical survey. / cBy S P Varma. a1st. aNew Delhi.:bVani educational books.,986. ax, 464 p.:5 cm. aPolitical science. aTheory. aVarma, S P.,